01019cam a22002777a 45000010009000000050017000090070015000260080041000410100017000820160020000990200018001190200015001370350024001520400083001760410008002590420024002670600015002910600012003060800019003181000006003371010008003432450263003512460027006142460036006415040064006771811484520180202075119.0co cga||||||||140414s2011 ilua bp 001 0 eng  a 20109074997 a1015906562DNLM a9781581104981 a1581104987 a(OCoLC)ocn712921620 aNLMbengcNLMdYDXCPdWSUdVTMdPAUdCYBdCNMBLdERNdOCLCAdOCLCFdUNBCAdDLC aeng anlmcopycalccopycat00a2012 G-48110aWQ 18.2 a616-053.2 JOH a8 aPED00aTextbook of neonatal resuscitation /ceditor, John Kattwinkel ; associate editors, Jane E. McGowan, Jeanette Zaichkin ; assistant editors, Khalid Aziz ... [et al.] ; educational design editor, Jerry Short ; managing editors, Rachel Poulin, Wendy Marie Simon.1 aNeonatal resuscitation1 aNeonatal resuscitation textbook aIncludes bibliographical references (p. 314-317) and index.